Top 10 des voitures qui vont le plus vite au monde - Statistiques

Statistiques générales
  • Ce quiz a été pris 53 fois
  • Le résultat moyen est 3 sur 10
Statistiques - réponses
Hint Réponse % Correct
3 Bugatti chiron
98%
4 Koenigsegg jesko absolut
39%
2 Bugatti bolide
35%
5 Koenigsegg agera RS
29%
7 Hennessey venom F5
27%
1 SSC Tuatara
24%
9 Rimac nevera
20%
8 Hennessey venom GT
12%
6 Bugatti tourbillon
8%
10 SSC ultimate aero
4%
Aucun quiz correspondant
Distribution des résultats
% des personnes avec chaque résultat
Percentile par nombre de réponses
Votre historique - résultats
Vous n’avez pas pris ce quiz